The Oregon Trail : (Record no. 260068)
[ view plain ]
| 000 -LEADER | |
|---|---|
| fixed length control field | 02090pam a2200517 a 4500 |
| 001 - CONTROL NUMBER | |
| control field | ocm48837476 |
| 003 - CONTROL NUMBER IDENTIFIER | |
| control field | OCoLC |
| 005 - DATE AND TIME OF LATEST TRANSACTION | |
| control field | 20200320180354.0 |
| 008 - FIXED-LENGTH DATA ELEMENTS--GENERAL INFORMATION | |
| fixed length control field | 020108s2003 nyuab b b 001 0 eng |
| 010 ## - LIBRARY OF CONGRESS CONTROL NUMBER | |
| LC control number | 2002000130 |
| 020 ## - INTERNATIONAL STANDARD BOOK NUMBER | |
| International Standard Book Number | 0823964787 (lib. bdg.) |
| 020 ## - INTERNATIONAL STANDARD BOOK NUMBER | |
| Terms of availability | 12.95 |
| 035 ## - SYSTEM CONTROL NUMBER | |
| System control number | ()38320 |
| 040 ## - CATALOGING SOURCE | |
| Original cataloging agency | DLC |
| Transcribing agency | DLC |
| Modifying agency | WACOL |
| 042 ## - AUTHENTICATION CODE | |
| Authentication code | lcac |
| 043 ## - GEOGRAPHIC AREA CODE | |
| Geographic area code | n-usp-- |
| -- | n-us-or |
| 049 ## - LOCAL HOLDINGS (OCLC) | |
| Holding library | WACL |
| 050 00 - LIBRARY OF CONGRESS CALL NUMBER | |
| Classification number | F597 |
| Item number | .D43 2003 |
| 082 00 - DEWEY DECIMAL CLASSIFICATION NUMBER | |
| Classification number | 978/.02 |
| Edition number | 21 |
| 092 ## - LOCALLY ASSIGNED DEWEY CALL NUMBER (OCLC) | |
| Classification number | J978.02 |
| Item number | Dea |
| 100 1# - MAIN ENTRY--PERSONAL NAME | |
| Personal name | Dean, Arlan. |
| 9 (RLIN) | 5826696 |
| 245 14 - TITLE STATEMENT | |
| Title | The Oregon Trail : |
| Remainder of title | from Independence, Missouri, to Oregon City, Oregon / |
| Statement of responsibility, etc | Arlan Dean. |
| 250 ## - EDITION STATEMENT | |
| Edition statement | 1st ed. |
| 260 ## - PUBLICATION, DISTRIBUTION, ETC. (IMPRINT) | |
| Place of publication, distribution, etc | New York : |
| Name of publisher, distributor, etc | PowerKids Press, |
| Date of publication, distribution, etc | 2003. |
| 300 ## - PHYSICAL DESCRIPTION | |
| Extent | 24 p. : |
| Other physical details | ill. (some col.), col. map ; |
| Dimensions | 24 cm. |
| 440 #0 - SERIES STATEMENT/ADDED ENTRY--TITLE | |
| Title | Reading power |
| 9 (RLIN) | 5826697 |
| 490 1# - SERIES STATEMENT | |
| Series statement | Famous American trails |
| 504 ## - BIBLIOGRAPHY, ETC. NOTE | |
| Bibliography, etc | Includes bibliographical references (p. 23) and index. |
| 505 0# - FORMATTED CONTENTS NOTE | |
| Formatted contents note | A path West -- Early trail pioneers -- On the trail -- Trail trouble -- The end of the trail. |
| 520 ## - SUMMARY, ETC. | |
| Summary, etc | Describes the Oregon Trail and the pioneers who settled in the Pacific Northwest. |
| 650 #0 - SUBJECT ADDED ENTRY--TOPICAL TERM | |
| Topical term or geographic name as entry element | Overland journeys to the Pacific |
| Form subdivision | Juvenile literature. |
| 9 (RLIN) | 5826698 |
| 650 #0 - SUBJECT ADDED ENTRY--TOPICAL TERM | |
| Topical term or geographic name as entry element | Pioneers |
| Geographic subdivision | West (U.S.) |
| General subdivision | History |
| Chronological subdivision | 19th century |
| Form subdivision | Juvenile literature. |
| 9 (RLIN) | 5791578 |
| 650 #0 - SUBJECT ADDED ENTRY--TOPICAL TERM | |
| Topical term or geographic name as entry element | Frontier and pioneer life |
| Geographic subdivision | West (U.S.) |
| Form subdivision | Juvenile literature. |
| 9 (RLIN) | 5711830 |
| 650 #0 - SUBJECT ADDED ENTRY--TOPICAL TERM | |
| Topical term or geographic name as entry element | Frontier and pioneer life |
| Geographic subdivision | Oregon |
| Form subdivision | Juvenile literature. |
| 9 (RLIN) | 5826699 |
| 650 #1 - SUBJECT ADDED ENTRY--TOPICAL TERM | |
| Topical term or geographic name as entry element | Overland journeys to the Pacific. |
| 9 (RLIN) | 5826700 |
| 650 #1 - SUBJECT ADDED ENTRY--TOPICAL TERM | |
| Topical term or geographic name as entry element | Pioneers. |
| 9 (RLIN) | 5826701 |
| 650 #1 - SUBJECT ADDED ENTRY--TOPICAL TERM | |
| Topical term or geographic name as entry element | Frontier and pioneer life |
| Geographic subdivision | West (U.S.) |
| 9 (RLIN) | 101007 |
| 651 #0 - SUBJECT ADDED ENTRY--GEOGRAPHIC NAME | |
| Geographic name | Oregon National Historic Trail |
| Form subdivision | Juvenile literature. |
| 9 (RLIN) | 5826702 |
| 651 #1 - SUBJECT ADDED ENTRY--GEOGRAPHIC NAME | |
| Geographic name | Oregon National Historic Trail. |
| 9 (RLIN) | 5826703 |
| 651 #1 - SUBJECT ADDED ENTRY--GEOGRAPHIC NAME | |
| Geographic name | West (U.S.) |
| General subdivision | History. |
| 9 (RLIN) | 93830 |
| 800 1# - SERIES ADDED ENTRY--PERSONAL NAME | |
| Personal name | Dean, Arlan. |
| Title of a work | Famous American trails. |
| 9 (RLIN) | 5826704 |
| 942 ## - ADDED ENTRY ELEMENTS (KOHA) | |
| Koha item type | BOOK |
| 948 ## - LOCAL PROCESSING INFORMATION (OCLC); SERIES PART DESIGNATOR (RLIN) | |
| Series part designator, SPT (RLIN) | 05/11/2004 |
| z (OCLC) | Sirsi |
| 994 ## - | |
| -- | 02 |
| -- | WACOL |
| 996 ## - | |
| -- | 38320 |
| -- | 34301000410292 |
| -- | JNF |
| -- | BK |
| -- | WCL |
| -- | i |
| -- | 2 |
| -- | 12.95 |
| -- | Librarians' Book Express |
| -- | 978.02 Dea |
| -- | 04/30/2004 |
| -- | 12/14/2016 |
| -- | 11/10/2016 |
| Withdrawn status | Lost status | Source of classification or shelving scheme | Damaged status | Not for loan | Collection code | Home library | Current library | Shelving location | Date acquired | Cost, normal purchase price | Total Checkouts | Total Renewals | Full call number | Barcode | Checked out | Date last seen | Date checked out | Cost, replacement price | Price effective from | Koha item type |
|---|---|---|---|---|---|---|---|---|---|---|---|---|---|---|---|---|---|---|---|---|
| Dewey Decimal Classification | Junior NonFiction | Wasatch County Library | Wasatch County Library | Second Floor | 04/30/2004 | 12.95 | 6 | 6 | J 978.02 Dea | 34301000410292 | 05/02/2026 | 03/06/2026 | 03/06/2026 | 12.95 | 03/20/2020 | BOOK |
